| 000 | 00515nam a2200169 4500 | ||
|---|---|---|---|
| 999 |
_c30682 _d30682 |
||
| 008 | 201006b ||||| |||| 00| 0 eng d | ||
| 020 | _a8184480962 | ||
| 050 |
_aRT98 _b .B37 2008 |
||
| 100 | _a Basavanthappa, B. T. | ||
| 245 | _aCommunity health nursing : | ||
| 250 | _a 2nd ed. | ||
| 260 |
_aNew Delhi : _bJaypee Brothers Medical, _c©2008. |
||
| 300 |
_a1088 p. : _bill. ; _c28 cm |
||
| 500 | _aInclude Index | ||
| 650 | _aCommunity health nursing | ||
| 942 |
_2lcc _cBOOKS _hRT98 .B37 2008 |
||